Largest Cities in Brittany - Statistics

General Stats
  • This quiz has been taken 103 times
  • The average score is 6 of 10
Answer Stats
Population City % Correct
139,926 Brest
97%
220,488 Rennes
97%
63,283 Quimper
86%
57,246 Lorient
75%
46,803 Saint-Malo
72%
53,719 Vannes
71%
43,605 Saint-Brieuc
65%
20,210 Lannion
33%
20,595 Fougeres
28%
23,124 Lanester
13%
No matching quizzes found
Score Distribution
Percent of People with Each Score
Percentile by Number Answered
Your Score History
You have not taken this quiz